Online Catalogue and eLibrary

The way to peace and happiness : (Record no. 928)

MARC details
000 -LEADER
fixed length control field 00290nam a2200097Ia 4500
008 - FIXED-LENGTH DATA ELEMENTS--GENERAL INFORMATION
fixed length control field 240331s9999 xx 000 0 und d
082 ## - DDC Classification
Class No. 294.3
Item Number - Author Mark RAH
100 ## - MAIN ENTRY--PERSONAL NAME
Personal name Rahula thera,
245 #4 - TITLE STATEMENT
Title The way to peace and happiness :
Remainder of title a penetrating study in tob the teachings of Gothama Buiddha
942 ## - Koha item type (Biblio)
Koha item type Books in Stacks (Lending)
Holdings
Lost status Damaged status Collection code Home library Current library Shelving location Date acquired Full call number Accession Number Item type
    Lending WERC Library WERC Library Social Science Cupboard 03/31/2024 294.3 RAH 244 Books in Stacks (Lending)

© WERC Library